SI基本単位 - Statistics

General Stats
  • This quiz has been taken 158 times
  • The average score is 6 of 7
Answer Stats
単位 % Correct
長さ m
100%
電流 A
98%
時間 s
98%
熱力学温度 K
96%
質量 kg
86%
物質量 mol
77%
光度 cd
51%
No matching quizzes found
Score Distribution
Percent of People with Each Score
Percentile by Number Answered
Your Score History
You have not taken this quiz